Contributions of D. Gale Johnson to the economics of agriculture (Record no. 62508)

000 -LEADER
fixed length control field 00505pab a2200181 454500
008 - FIXED-LENGTH DATA ELEMENTS--GENERAL INFORMATION
fixed length control field 180718b2004 xxu||||| |||| 00| 0 eng d
100 ## - MAIN ENTRY--PERSONAL NAME
Personal name Summer, Daniel A.
245 ## - TITLE STATEMENT
Title Contributions of D. Gale Johnson to the economics of agriculture
260 ## - PUBLICATION, DISTRIBUTION, ETC.
Date of publication, distribution, etc. 2004
300 ## - PHYSICAL DESCRIPTION
Extent p.659-79.
362 ## - DATES OF PUBLICATION AND/OR SEQUENTIAL DESIGNATION
Dates of publication and/or sequential designation Apr
650 ## - SUBJECT ADDED ENTRY--TOPICAL TERM
Topical term or geographic name entry element Johnson, D. Gale
650 ## - SUBJECT ADDED ENTRY--TOPICAL TERM
Topical term or geographic name entry element Agricultural economics
700 ## - ADDED ENTRY--PERSONAL NAME
Personal name Gardner, Bruce L.
700 ## - ADDED ENTRY--PERSONAL NAME
Personal name Antle, John M.
773 ## - HOST ITEM ENTRY
Main entry heading Economic Development and Cultural Change
909 ## -
-- 62508
Holdings
Withdrawn status Lost status Damaged status Not for loan Permanent Location Current Location Date acquired Serial Enumeration / chronology Barcode Date last seen Price effective from Koha item type
        Indian Institute of Public Administration Indian Institute of Public Administration 2018-07-19 Volume no: 52, Issue no: 3 AR62958 2018-07-19 2018-07-19 Articles

Powered by Koha